00566nam a2200193Ia 4500008004100000020001800041050001600059100002200075245002700097245011400124260001300238260002400251260000900275300001600284300002000300300001000320300003300330500000900363170918s9999 xx 000 0 und d a9780812966299 bH145ki 2002 aHaggard, H. Rider aKing Solomon's mines / cby H. Rider Haggard ; introdution by Alexandra Fuller ; illustrations by Walter Paget ; notes by James Danly. aCanada : bThe modern library, c2002 a264 pages : billustrations ; c20cm. eThe modern library classics. a1230